| 000 | 01902nam a2200421 c 4500 | ||
|---|---|---|---|
| 999 |
_c70135 _d70135 |
||
| 003 | BLK | ||
| 005 | 20250118162057.0 | ||
| 008 | 180408b bul|||||r ||||||| ||bul|| | ||
| 010 | _aKNG00074489000 | ||
| 020 | _a954-8600-24-2 | ||
| 040 | _aBLK | ||
| 041 |
_aBUL _cBUL |
||
| 080 |
_aТеория и практика на организацията _b005.1 _x(075.8) _z005.1(075.8) |
||
| 100 | 1 |
_aХаризанова, Маргарита Цветанова _eпърви автор _9366402 |
|
| 139 |
_aХаризанова, Маргарита Цветанова и др. _bХ 27 |
||
| 245 | 1 | 0 |
_aМениджмънт _bЦенности, комуникации, промяна _cМаргарита Цветанова Харизанова; съавт. Милчо Костадинов Мирчев; съавт. Надя Димитрова Миронова-Ангелова. |
| 250 | _a2. доп. и прераб. изд. | ||
| 257 | _aBGR | ||
| 260 |
_bНеда _c2006 |
||
| 300 |
_a429 с. _bс табл., сх., диагр. _c24 см |
||
| 380 | _a0 | ||
| 500 | _a1. изд. 2004. - Офс. изд. - Библиогр. след отд. теми. | ||
| 504 | _aслед отд. теми | ||
| 650 | 4 |
_aУправление и организация - учебници за ВУЗ _9267261 |
|
| 650 | 4 |
_aУправленски труд - учебници за ВУЗ _9243011 |
|
| 653 | _aуправленски труд | ||
| 653 | _aмениджмънт | ||
| 653 | _aучебници за ВУЗ | ||
| 700 | 1 |
_aМирчев, Милчо Костадинов _eсъавт. _9270192 |
|
| 700 | 1 |
_aМиронова-Ангелова, Надя Димитрова _eсъавт. _9294780 |
|
| 852 | _aЦб 233529 | ||
| 856 | 4 | _qpdf | |
| 856 | 4 | _qpdf | |
| 942 |
_cKNG _n0 _06 _s1 |
||
| 944 |
_aCR _c25.04.2007 _k30553 _lИваничка Йорданова |
||
| 944 |
_aED _c23.01.2014 |
||
| 999 | _d70135 | ||